[Event "Kuala Lumpur op 10th"]
[Site "Kuala Lumpur"]
[Date "2013.08.10"]
[Round "1"]
[White "Sadikin The, Irwanto"]
[Black "Ajeet Singh, Roshan"]
[Result "1-0"]
[WhiteElo "2401"]
[BlackElo "2027"]
[PlyCount "70"]
[EventDate "2013.08.10"]
[EventType "swiss"]
[EventRounds "9"]
[EventCountry "MAS"]
[SourceTitle "CBM 156 Extra"]
[Source "ChessBase"]
[SourceDate "2013.10.22"]
[SourceVersion "1"]
[SourceVersionDate "2013.10.22"]
[SourceQuality "1"]

1. d4 f5 2. Nf3 Nf6 3. c4 g6 4. g3 Bg7 5. Bg2 0-0 6. 0-0 d6 7. Nc3 Qe8 8. d5 a5 9. Be3 Na6 10. Qd2 Bd7 11. h3 Rc8 12. Bh6 Nc5 13. Bxg7 Kxg7 14. Nd4 c6 15. dxc6 bxc6 16. Nb3 Nxb3 17. axb3 Rb8 18. Qc2 Qd8 19. Ra3 Qb6 20. e3 c5 21. Rfa1 Rfc8 22. Nd5 Nxd5 23. Bxd5 e6 24. Bg2 Bc6 25. Qc3+ e5 26. Bxc6 Rxc6 27. Rxa5 Qxb3 28. Ra7+ Kf6 29. Rxh7 Qxc3 30. bxc3 Rcc8 31. Raa7 Rf8 32. h4 Ra8 33. Rad7 Rad8 34. Rdg7 Rb8 35. Kg2 e4 1-0

[Event "Kuala Lumpur Masters"]
[Site "Kuala Lumpur"]
[Date "2013.06.26"]
[Round "8"]
[White "Ajeet Singh, Roshan"]
[Black "Teh, Eu Wen Aron"]
[Result "1/2-1/2"]
[WhiteElo "2014"]
[BlackElo "1981"]
[PlyCount "68"]
[EventDate "2013.06.22"]
[EventType "tourn"]
[EventRounds "9"]
[EventCountry "MAS"]
[SourceTitle "CBM 155 Extra"]
[Source "ChessBase"]
[SourceDate "2013.08.26"]
[SourceVersion "1"]
[SourceVersionDate "2013.08.26"]
[SourceQuality "1"]

1. d4 Nf6 2. c4 e6 3. Nc3 Bb4 4. Qc2 0-0 5. a3 Bxc3+ 6. Qxc3 b6 7. Nf3 Bb7 8. e3 d6 9. Be2 Nbd7 10. b4 c5 11. bxc5 bxc5 12. 0-0 Qc7 13. Bb2 Ne4 14. Qc2 Qa5 15. Rfd1 cxd4 16. exd4 Rfc8 17. Nd2 Nxd2 18. Qxd2 Qxd2 19. Rxd2 Nb6 20. Rc1 Na4 21. f3 Rc7 22. Bd1 Nxb2 23. Rxb2 Rac8 24. Bb3 Kf8 25. Kf2 Bc6 26. Ba2 Ke7 27. Ke3 e5 28. c5 Ba4 29. cxd6+ Kxd6 30. Rxc7 exd4+ 31. Kxd4 Rxc7 32. g3 f6 33. f4 Rc2 34. Rxc2 Bxc2 1/2-1/2

[Event "Kuala Lumpur Masters"]
[Site "Kuala Lumpur"]
[Date "2013.06.25"]
[Round "7"]
[White "Lim, Zhuo Ren"]
[Black "Ajeet Singh, Roshan"]
[Result "1-0"]
[WhiteElo "2171"]
[BlackElo "2014"]
[PlyCount "35"]
[EventDate "2013.06.22"]
[EventType "tourn"]
[EventRounds "9"]
[EventCountry "MAS"]
[SourceTitle "CBM 155 Extra"]
[Source "ChessBase"]
[SourceDate "2013.08.26"]
[SourceVersion "1"]
[SourceVersionDate "2013.08.26"]
[SourceQuality "1"]

1. Nf3 f5 2. d4 Nf6 3. g3 g6 4. Bg2 Bg7 5. 0-0 0-0 6. b3 d6 7. Bb2 Ne4 8. Nbd2 Nxd2 9. Qxd2 Nc6 10. Rad1 e5 11. dxe5 Qe8 12. exd6 Bxb2 13. d7 Bxd7 14. Qxd7 Rf7 15. Qxe8+ Rxe8 16. Ng5 Rf6 17. Rd7 Re7 18. Bxc6 1-0

[Event "ASEAN-ch U20 14th"]
[Site "Chiangmai"]
[Date "2013.06.13"]
[Round "9"]
[White "Dang, Hoang Son"]
[Black "Ajeet Singh, Roshan"]
[Result "0-1"]
[WhiteElo "2079"]
[BlackElo "2023"]
[PlyCount "78"]
[EventDate "2013.06.08"]
[EventType "swiss"]
[EventRounds "9"]
[EventCountry "THA"]
[SourceTitle "EXT 2014"]
[Source "ChessBase"]
[SourceDate "2013.11.20"]
[SourceVersion "1"]
[SourceVersionDate "2013.11.20"]
[SourceQuality "1"]

1. e4 c5 2. Nf3 Nc6 3. Nc3 e5 4. Bc4 d6 5. d3 Be7 6. 0-0 Bg4 7. Nd5 Nd4 8. c3 Nxf3+ 9. gxf3 Bd7 10. Qb3 Rb8 11. a4 Bg5 12. Kh1 Bxc1 13. Raxc1 Nf6 14. Rg1 0-0 15. Rg2 g6 16. Rcg1 Kg7 17. d4 Nxd5 18. Bxd5 Qf6 19. dxe5 dxe5 20. c4 Qf4 21. a5 b6 22. Ra1 bxa5 23. Qa3 a4 24. Qxc5 Qxf3 25. Ra3 Rb3 26. Rxb3 axb3 27. Qe3 Bg4 28. Qxf3 Bxf3 29. Kg1 Bxg2 30. Kxg2 Rc8 31. Kf3 Kf6 32. Ke3 Ke7 33. Kd3 Kd6 34. Kc3 Rb8 35. Bxf7 Kc5 36. Be6 g5 37. Bd7 Rb4 38. Bb5 a5 39. h3 a4 0-1

[Event "ASEAN-ch U20 14th"]
[Site "Chiangmai"]
[Date "2013.06.10"]
[Round "4"]
[White "Kulpruethanon, Thanadon"]
[Black "Ajeet Singh, Roshan"]
[Result "1/2-1/2"]
[WhiteElo "2114"]
[BlackElo "2023"]
[PlyCount "138"]
[EventDate "2013.06.08"]
[EventType "swiss"]
[EventRounds "9"]
[EventCountry "THA"]
[SourceTitle "EXT 2014"]
[Source "ChessBase"]
[SourceDate "2013.11.20"]
[SourceVersion "1"]
[SourceVersionDate "2013.11.20"]
[SourceQuality "1"]

1. Nf3 f5 2. g3 Nf6 3. Bg2 g6 4. 0-0 Bg7 5. c4 0-0 6. Nc3 d6 7. d4 Qe8 8. d5 a5 9. Nd4 Na6 10. b3 Bd7 11. Bb2 c6 12. Rb1 Nc5 13. a3 Rc8 14. b4 axb4 15. axb4 Nce4 16. Nxe4 fxe4 17. Qb3 Qf7 18. dxc6 bxc6 19. c5 d5 20. Nc2 Rce8 21. Be5 Nh5 22. Bxg7 Nxg7 23. b5 e5 24. Nb4 Rb8 25. b6 Ne6 26. Na6 Nd4 27. Qb2 Rb7 28. f3 exf3 29. exf3 Qf5 30. Rbd1 Qh5 31. Rde1 Bh3 32. f4 Bxg2 33. Kxg2 Qg4 34. Rxe5 Nf5 35. Qe2 Qxe2+ 36. Rxe2 Ra8 37. Nb4 Nd4 38. Rd2 Nb3 39. Rc2 Nd4 40. Rd2 Nb3 41. Rc2 Nd4 42. Rb2 Ra5 43. Rd1 Ne6 44. Nxc6 Rxc5 45. Ne7+ Kg7 46. Nxd5 Nf8 47. Ne3 Rc6 48. Rdb1 Nd7 49. Nd5 Rd6 50. Rb5 Kf7 51. Kf3 Ke6 52. Re1+ Kf7 53. Re7+ Kg8 54. g4 h6 55. h4 Kf8 56. Rh7 g5 57. hxg5 hxg5 58. Rh1 Nxb6 59. Rhb1 Rf7 60. Nxb6 Rxf4+ 61. Ke3 Re6+ 62. Kd3 Rxg4 63. Nd7+ Ke7 64. Ne5 Rf4 65. Rd5 Kf6 66. Re1 Ra6 67. Ke3 Re6 68. Kd3 Ra6 69. Ke3 Re6 1/2-1/2

[Event "Penang op 4th"]
[Site "Penang"]
[Date "2012.12.15"]
[Round "9"]
[White "Tan, Khai Boon"]
[Black "Ajeet Singh, Roshan"]
[Result "1/2-1/2"]
[WhiteElo "2139"]
[BlackElo "2017"]
[PlyCount "50"]
[EventDate "2012.12.11"]
[EventType "swiss"]
[EventRounds "9"]
[EventCountry "MAS"]
[SourceTitle "EXT 2014"]
[Source "ChessBase"]
[SourceDate "2013.11.20"]
[SourceVersion "1"]
[SourceVersionDate "2013.11.20"]
[SourceQuality "1"]

1. d4 f5 2. c4 Nf6 3. Nf3 g6 4. g3 Bg7 5. Bg2 d6 6. 0-0 0-0 7. Nc3 Qe8 8. Nd5 Nxd5 9. cxd5 Nd7 10. Be3 Nf6 11. Ne1 c6 12. dxc6 bxc6 13. d5 c5 14. Qd3 Bd7 15. Rd1 Qd8 16. Bd2 Rb8 17. Bc3 a5 18. Nf3 Ne4 19. Bxg7 Kxg7 20. Nd2 Nxd2 21. Qxd2 a4 22. Qc3+ Kg8 23. e4 Rb4 24. exf5 Bxf5 25. Rfe1 Qd7 1/2-1/2

[Event "Penang op 4th"]
[Site "Penang"]
[Date "2012.12.11"]
[Round "2"]
[White "Ooi, Yen Hoe"]
[Black "Ajeet Singh, Roshan"]
[Result "0-1"]
[WhiteElo "1674"]
[BlackElo "2017"]
[PlyCount "87"]
[EventDate "2012.12.11"]
[EventType "swiss"]
[EventRounds "9"]
[EventCountry "MAS"]
[SourceTitle "EXT 2014"]
[Source "ChessBase"]
[SourceDate "2013.11.20"]
[SourceVersion "1"]
[SourceVersionDate "2013.11.20"]
[SourceQuality "1"]

1. e4 c5 2. Nf3 Nc6 3. d4 cxd4 4. Nxd4 Nf6 5. Nc3 e5 6. Ndb5 d6 7. Bg5 a6 8. Na3 b5 9. Bxf6 gxf6 10. Nd5 f5 11. Bd3 Be6 12. c3 Bg7 13. 0-0 Bxd5 14. exd5 Ne7 15. Be2 Ng6 16. Re1 0-0 17. Nc2 Bh6 18. Nb4 Qg5 19. Bf1 e4 20. Re3 Kh8 21. Rg3 Qf6 22. Nc6 Rae8 23. Qe1 Rg8 24. Rd1 Bf4 25. Rh3 Nh4 26. Qe2 Rg6 27. f3 Qg5 28. Kh1 Rgg8 29. Qf2 exf3 30. gxf3 Be3 31. Qg3 Qh5 32. Rxh4 Rxg3 33. hxg3 Qxf3+ 34. Bg2 Qxd1+ 35. Kh2 Rg8 36. Ne7 Qg1+ 37. Kh3 Rxg3+ 38. Kxg3 Bf2+ 39. Kh3 Bxh4 40. Kxh4 Qxg2 41. Nxf5 Qxd5 42. Kg5 h6+ 43. Kf4 Qe5+ 44. Kg4 0-1

[Event "Wch U16"]
[Site "Maribor"]
[Date "2012.11.14"]
[Round "7.33"]
[White "Ajeet Singh, Roshan"]
[Black "Batchelor, Peter"]
[Result "0-1"]
[WhiteElo "2016"]
[BlackElo "2138"]
[PlyCount "46"]
[EventDate "2012.11.08"]
[EventType "swiss"]
[EventRounds "11"]
[EventCountry "SLO"]
[SourceTitle "EXT 2013"]
[Source "ChessBase"]
[SourceDate "2012.11.22"]
[SourceVersion "1"]
[SourceVersionDate "2012.11.22"]
[SourceQuality "1"]

1. d4 d5 2. Nf3 Nf6 3. c4 e6 4. Nc3 Be7 5. Bf4 0-0 6. e3 b6 7. Qc2 c5 8. dxc5 bxc5 9. 0-0-0 Nc6 10. a3 Qb6 11. cxd5 exd5 12. Nxd5 Nxd5 13. Rxd5 Be6 14. Ng5 Bxg5 15. Rxg5 Na5 16. Bd3 f5 17. Qc3 Rf7 18. Be5 g6 19. h4 Nb3+ 20. Kb1 Rd7 21. h5 Qd8 22. hxg6 Qxg5 23. gxh7+ Rxh7 0-1

[Event "Wch U16"]
[Site "Maribor"]
[Date "2012.11.11"]
[Round "4.48"]
[White "Pricopie, Stefan"]
[Black "Ajeet Singh, Roshan"]
[Result "0-1"]
[WhiteElo "1630"]
[BlackElo "2016"]
[PlyCount "92"]
[EventDate "2012.11.08"]
[EventType "swiss"]
[EventRounds "11"]
[EventCountry "SLO"]
[SourceTitle "EXT 2013"]
[Source "ChessBase"]
[SourceDate "2012.11.22"]
[SourceVersion "1"]
[SourceVersionDate "2012.11.22"]
[SourceQuality "1"]

1. d4 f5 2. g3 Nf6 3. Bg2 g6 4. c4 Bg7 5. Nc3 c6 6. Nf3 d6 7. 0-0 0-0 8. Ne1 Kh8 9. Rb1 a5 10. d5 e5 11. dxe6 Bxe6 12. c5 dxc5 13. Nd3 Na6 14. Be3 Qe7 15. Na4 Nd7 16. b3 b5 17. Nab2 Rac8 18. Qc2 Rfe8 19. a4 Qf7 20. Nd1 c4 21. bxc4 Bxc4 22. axb5 Bxd3 23. Qxd3 Nb4 24. Qa3 Nc2 25. Qxa5 Nxe3 26. Nxe3 f4 27. gxf4 c5 28. b6 Qxf4 29. b7 Rb8 30. Qb5 Be5 31. Ng4 Qxg4 32. e3 Rf8 33. h3 Qe6 34. Rfd1 Rfd8 35. Rd2 Bd6 36. Rbd1 Ne5 37. f4 Nc4 38. Rd3 Nxe3 39. Re1 Bxf4 40. Qb2+ Kg8 41. Rxd8+ Rxd8 42. Qc3 Be5 43. Rxe3 Rd1+ 44. Bf1 Qf7 45. Qb3 Rxf1+ 46. Kg2 Qxb3 0-1

[Event "Wch U16"]
[Site "Maribor"]
[Date "2012.11.09"]
[Round "2.53"]
[White "Shiau, Suen Wen"]
[Black "Ajeet Singh, Roshan"]
[Result "0-1"]
[WhiteElo "1772"]
[BlackElo "2016"]
[PlyCount "190"]
[EventDate "2012.11.08"]
[EventType "swiss"]
[EventRounds "11"]
[EventCountry "SLO"]
[SourceTitle "EXT 2013"]
[Source "ChessBase"]
[SourceDate "2012.11.22"]
[SourceVersion "1"]
[SourceVersionDate "2012.11.22"]
[SourceQuality "1"]

1. e4 c5 2. Nf3 Nc6 3. d4 cxd4 4. Nxd4 Nf6 5. Nc3 e5 6. Ndb5 d6 7. Nd5 Nxd5 8. exd5 Nb8 9. c4 Be7 10. Be2 0-0 11. 0-0 f5 12. f4 a6 13. Nc3 Nd7 14. Kh1 Bf6 15. Qc2 exf4 16. Bxf4 Ne5 17. Be3 Bg5 18. Qd2 Bxe3 19. Qxe3 Qh4 20. g3 Qh3 21. c5 Bd7 22. cxd6 Rae8 23. Qg5 Nf7 24. Qh5 Qxh5 25. Bxh5 g6 26. Bf3 Nxd6 27. b3 Re3 28. Nd1 Re5 29. Nf2 Re3 30. Nd1 Rd3 31. Kg2 Rc8 32. Rf2 Ne4 33. Re2 Ng5 34. Ne3 Rcc3 35. Rae1 Nxf3 36. Kxf3 g5 37. Kf2 f4 38. Nf1 Rxd5 39. Re5 Rxe5 40. Rxe5 Rc2+ 41. Kf3 g4+ 42. Ke4 fxg3 43. hxg3 Rxa2 44. Ne3 Rb2 45. Rg5+ Kf7 46. Nxg4 Bxg4 47. Rxg4 Rxb3 48. Ke5 b5 49. Rf4+ Ke7 50. Rg4 Re3+ 51. Kd4 Ra3 52. Ke5 Kf7 53. Rf4+ Kg6 54. Rg4+ Kh5 55. Rh4+ Kg5 56. Rxh7 Re3+ 57. Kd4 Rxg3 58. Rg7+ Kf4 59. Rf7+ Kg4 60. Ke4 Kh3 61. Rf6 Ra3 62. Kd5 b4 63. Kc4 a5 64. Rf2 Kg4 65. Rc2 Kf3 66. Rh2 Kf4 67. Rc2 Ke5 68. Rh2 b3 69. Re2+ Kd6 70. Kc3 a4 71. Rh2 Ra1 72. Rh6+ Ke5 73. Kd2 Ke4 74. Rh4+ Kf3 75. Kc3 Rb1 76. Kb4 Ra1 77. Kc3 Ke3 78. Rh3+ Kf2 79. Rh2+ Kg3 80. Rd2 Rf1 81. Kb4 Rf4+ 82. Ka3 Kf3 83. Rh2 Kg4 84. Re2 Kf5 85. Re8 Re4 86. Rh8 Ke5 87. Rh5+ Kd6 88. Rh6+ Kc5 89. Rh5+ Kc4 90. Kxa4 b2 91. Rh1 Re3 92. Rg1 Rc3 93. Rg4+ Kd3 94. Rg3+ Kc2 95. Rg2+ Kb1 0-1